[Event "DEM U14 2022"]
[Site "Willingen GER"]
[Date "2022.06.10"]
[Round "8"]
[White "Krüger, Arthur"]
[Black "Kempe, Caius Emilian"]
[Result "1-0"]
[Termination "normal"]
[Board "8"]
[WhiteElo "1988"]
[BlackElo "1973"]
[WhiteClock "00:25:55"]
[BlackClock "00:29:03"]
[PlyCount "91"]
[WhiteFideId "16244966"]
[BlackFideId "16246861"]
[EventCountry "GER"]
[EventRounds "9"]
[EventType "swiss"]
[EventDate "2022.06.04"]

1. e4 {[%clk 1:30:55]} e6 {[%clk 1:30:56]} 2. d4 {[%clk 1:31:17]} d5 {[%clk
1:31:21]} 3. Nc3 {[%clk 1:31:31]} Nf6 {[%clk 1:31:45]} 4. Bg5 {[%clk 1:31:57]}
Bb4 {[%clk 1:32:07]} 5. e5 {[%clk 1:32:02]} h6 {[%clk 1:32:30]} 6. Bd2 {[%clk
1:32:12]} Bxc3 {[%clk 1:32:51]} 7. bxc3 {[%clk 1:32:35]} Ne4 {[%clk 1:33:15]}
8. Bc1 {[%clk 1:32:53]} c5 {[%clk 1:14:55]} 9. Bd3 {[%clk 1:19:37]} Nxc3 {[%clk
1:07:52]} 10. Qg4 {[%clk 1:19:15]} Kf8 {[%clk 0:57:08]} 11. Bd2 {[%clk
1:03:03]} Ne4 {[%clk 0:49:59]} 12. Bxe4 {[%clk 1:02:26]} dxe4 {[%clk 0:50:28]}
13. dxc5 {[%clk 1:01:44]} Qd4 {[%clk 0:49:44]} 14. Rd1 {[%clk 1:01:08]} Nc6
{[%clk 0:49:36]} 15. Ne2 {[%clk 0:56:30]} Qxe5 {[%clk 0:43:44]} 16. Bc3 {[%clk
0:49:19]} Qg5 {[%clk 0:44:02]} 17. Qxe4 {[%clk 0:49:20]} f6 {[%clk 0:32:19]}
18. O-O {[%clk 0:36:06]} Kf7 {[%clk 0:28:41]} 19. Qc4 {[%clk 0:26:48]} Re8
{[%clk 0:19:49]} 20. f4 {[%clk 0:23:35]} Qf5 {[%clk 0:18:16]} 21. Ng3 {[%clk
0:22:41]} Qxc2 {[%clk 0:11:42]} 22. Ne4 {[%clk 0:21:38]} Rd8 {[%clk 0:07:35]}
23. Nd6+ {[%clk 0:18:28]} Kg8 {[%clk 0:06:51]} 24. Rd2 {[%clk 0:17:51]} Qg6
{[%clk 0:07:08]} 25. f5 {[%clk 0:17:20]} Qg5 {[%clk 0:07:35]} 26. fxe6 {[%clk
0:16:59]} Qe3+ {[%clk 0:07:53]} 27. Rff2 {[%clk 0:14:03]} Bxe6 {[%clk 0:07:31]}
28. Qe2 {[%clk 0:13:45]} Qxc3 {[%clk 0:06:34]} 29. Qxe6+ {[%clk 0:14:07]} Kh7
{[%clk 0:07:01]} 30. Rc2 {[%clk 0:10:10]} Qa1+ {[%clk 0:07:01]} 31. Rf1 {[%clk
0:10:36]} Qd4+ {[%clk 0:07:23]} 32. Kh1 {[%clk 0:10:17]} Qd3 {[%clk 0:05:51]}
33. Rcc1 {[%clk 0:10:13]} b6 {[%clk 0:04:11]} 34. Rfd1 {[%clk 0:08:29]} Qa3
{[%clk 0:03:13]} 35. Qe4+ {[%clk 0:08:23]} Kg8 {[%clk 0:03:03]} 36. Qxc6 {[%clk
0:08:32]} bxc5 {[%clk 0:03:14]} 37. Qd5+ {[%clk 0:08:05]} Kh7 {[%clk 0:03:38]}
38. Rxc5 {[%clk 0:07:54]} Rab8 {[%clk 0:03:41]} 39. Qe4+ {[%clk 0:06:39]} Kg8
{[%clk 0:03:59]} 40. Rcd5 {[%clk 0:06:24]} Qxa2 {[%clk 0:03:54]} 41. Qe6+
{[%clk 0:05:49]} Kh7 {[%clk 0:04:22]} 42. Qf5+ {[%clk 0:04:46]} Kg8 {[%clk
0:04:51]} 43. Qg6 {[%clk 0:03:35]} Rd7 {[%clk 0:02:18]} 44. Ne8 {[%clk
0:28:12]} Rf7 {[%clk 0:32:11]} 45. Nxg7 {[%clk 0:27:27]} Qxd5 {[%clk 0:29:03]}
46. Ne6+ {[%clk 0:25:55]} 1-0

[Event "DEM U14 2022"]
[Site "Willingen GER"]
[Date "2022.06.10"]
[Round "8"]
[White "Mader, Fabian"]
[Black "Sommer, Justus"]
[Result "0-1"]
[Termination "normal"]
[Board "9"]
[WhiteElo "1652"]
[BlackElo "1868"]
[WhiteClock "00:08:30"]
[BlackClock "00:09:31"]
[PlyCount "78"]
[WhiteFideId "16265866"]
[BlackFideId "16245008"]
[EventCountry "GER"]
[EventRounds "9"]
[EventType "swiss"]
[EventDate "2022.06.04"]

1. e4 {[%clk 1:30:57]} e5 {[%clk 1:30:47]} 2. Nf3 {[%clk 1:31:21]} Nc6 {[%clk
1:30:54]} 3. Bc4 {[%clk 1:31:40]} Bc5 {[%clk 1:30:52]} 4. c3 {[%clk 1:31:59]}
Nf6 {[%clk 1:30:43]} 5. d3 {[%clk 1:32:18]} d6 {[%clk 1:30:39]} 6. Bb3 {[%clk
1:32:21]} a6 {[%clk 1:30:06]} 7. Nbd2 {[%clk 1:32:28]} Ba7 {[%clk 1:28:40]} 8.
h3 {[%clk 1:32:20]} O-O {[%clk 1:27:14]} 9. Nf1 {[%clk 1:32:06]} h6 {[%clk
1:25:39]} 10. g4 {[%clk 1:30:57]} d5 {[%clk 1:24:37]} 11. Qe2 {[%clk 1:30:23]}
dxe4 {[%clk 1:19:59]} 12. dxe4 {[%clk 1:30:42]} Nd7 {[%clk 1:18:40]} 13. g5
{[%clk 1:29:05]} Nc5 {[%clk 1:18:21]} 14. gxh6 {[%clk 1:27:34]} Nd3+ {[%clk
1:16:17]} 15. Kd1 {[%clk 1:22:56]} Nf4+ {[%clk 1:05:56]} 16. Qd2 {[%clk
1:22:59]} Qxd2+ {[%clk 1:04:19]} 17. Bxd2 {[%clk 1:20:03]} gxh6 {[%clk
1:00:18]} 18. Bxf4 {[%clk 1:04:46]} exf4 {[%clk 1:00:27]} 19. Rh2 {[%clk
1:04:23]} Kh7 {[%clk 0:54:58]} 20. N1d2 {[%clk 0:59:40]} f5 {[%clk 0:53:23]}
21. Bc2 {[%clk 0:55:57]} Be6 {[%clk 0:47:20]} 22. exf5 {[%clk 0:53:30]} Bxf5
{[%clk 0:46:38]} 23. Bxf5+ {[%clk 0:52:06]} Rxf5 {[%clk 0:47:02]} 24. Kc2
{[%clk 0:51:30]} Re8 {[%clk 0:45:52]} 25. Re1 {[%clk 0:43:12]} Rxe1 {[%clk
0:37:22]} 26. Nxe1 {[%clk 0:43:33]} Ne5 {[%clk 0:37:15]} 27. Ndf3 {[%clk
0:35:25]} Nxf3 {[%clk 0:36:12]} 28. Nxf3 {[%clk 0:35:42]} Rd5 {[%clk 0:36:18]}
29. Ne1 {[%clk 0:33:08]} h5 {[%clk 0:25:19]} 30. Nd3 {[%clk 0:27:32]} f3 {[%clk
0:24:12]} 31. h4 {[%clk 0:25:34]} Rf5 {[%clk 0:22:42]} 32. Rh1 {[%clk 0:24:44]}
Kg7 {[%clk 0:18:02]} 33. Re1 {[%clk 0:19:25]} Rf7 {[%clk 0:14:47]} 34. Re5
{[%clk 0:18:03]} Kg6 {[%clk 0:13:16]} 35. Kd2 {[%clk 0:12:40]} Rf6 {[%clk
0:11:33]} 36. Ke1 {[%clk 0:11:33]} b5 {[%clk 0:10:04]} 37. Rg5+ {[%clk
0:09:38]} Kh6 {[%clk 0:10:09]} 38. Kf1 {[%clk 0:09:41]} Rd6 {[%clk 0:09:31]}
39. Ne1 {[%clk 0:08:30]} Rd2 {[%clk 0:09:31]} 0-1

[Event "DEM U14 2022"]
[Site "Willingen GER"]
[Date "2022.06.10"]
[Round "8"]
[White "Lübke, Florentin"]
[Black "Huber, Benedikt"]
[Result "1/2-1/2"]
[Termination "normal"]
[Board "10"]
[WhiteElo "1731"]
[BlackElo "1780"]
[WhiteClock "00:30:00"]
[BlackClock "00:01:39"]
[PlyCount "127"]
[WhiteFideId "16281799"]
[BlackFideId "16281225"]
[EventCountry "GER"]
[EventRounds "9"]
[EventType "swiss"]
[EventDate "2022.06.04"]

1. e4 {[%clk 1:30:57]} e6 {[%clk 1:30:14]} 2. d4 {[%clk 1:31:21]} d5 {[%clk
1:30:38]} 3. Nd2 {[%clk 1:31:47]} h6 {[%clk 1:30:04]} 4. c3 {[%clk 1:27:25]}
Nf6 {[%clk 1:29:45]} 5. e5 {[%clk 1:27:43]} Nfd7 {[%clk 1:30:10]} 6. Bd3 {[%clk
1:27:40]} c5 {[%clk 1:30:27]} 7. Ne2 {[%clk 1:27:57]} Nc6 {[%clk 1:29:59]} 8.
O-O {[%clk 1:28:04]} cxd4 {[%clk 1:27:47]} 9. cxd4 {[%clk 1:28:24]} Qb6 {[%clk
1:27:34]} 10. Nf3 {[%clk 1:28:14]} Be7 {[%clk 1:27:15]} 11. Re1 {[%clk
1:24:00]} O-O {[%clk 1:26:06]} 12. a3 {[%clk 1:23:27]} f6 {[%clk 1:20:23]} 13.
exf6 {[%clk 1:22:26]} Bxf6 {[%clk 1:16:38]} 14. Qc2 {[%clk 1:16:29]} Bxd4
{[%clk 1:07:53]} 15. Bh7+ {[%clk 1:01:48]} Kh8 {[%clk 1:07:32]} 16. Nexd4
{[%clk 0:41:07]} Nxd4 {[%clk 1:07:50]} 17. Nxd4 {[%clk 0:40:49]} Qxd4 {[%clk
1:08:10]} 18. Be3 {[%clk 0:39:04]} Qf6 {[%clk 1:07:32]} 19. Rad1 {[%clk
0:38:23]} b6 {[%clk 1:04:20]} 20. Qc6 {[%clk 0:35:25]} Rb8 {[%clk 0:59:37]} 21.
Bb1 {[%clk 0:33:50]} Rd8 {[%clk 0:49:18]} 22. Bd4 {[%clk 0:32:05]} e5 {[%clk
0:42:30]} 23. Qc2 {[%clk 0:32:09]} Kg8 {[%clk 0:34:20]} 24. Qh7+ {[%clk
0:28:29]} Kf7 {[%clk 0:29:40]} 25. Re3 {[%clk 0:28:21]} Nf8 {[%clk 0:23:26]}
26. Qd3 {[%clk 0:27:21]} Ng6 {[%clk 0:20:06]} 27. Qxg6+ {[%clk 0:21:28]} Qxg6
{[%clk 0:20:31]} 28. Bxg6+ {[%clk 0:21:48]} Kxg6 {[%clk 0:20:57]} 29. Rxe5
{[%clk 0:21:39]} Rd7 {[%clk 0:14:21]} 30. Re8 {[%clk 0:20:29]} Ra8 {[%clk
0:12:39]} 31. Rc1 {[%clk 0:18:41]} Bb7 {[%clk 0:12:21]} 32. Re3 {[%clk
0:17:28]} Rc8 {[%clk 0:11:49]} 33. Rxc8 {[%clk 0:17:11]} Bxc8 {[%clk 0:12:07]}
34. f4 {[%clk 0:16:42]} Kf7 {[%clk 0:09:34]} 35. Rc3 {[%clk 0:16:38]} Bb7
{[%clk 0:09:20]} 36. Kf2 {[%clk 0:16:39]} Re7 {[%clk 0:08:30]} 37. Be5 {[%clk
0:16:27]} Rd7 {[%clk 0:05:56]} 38. g4 {[%clk 0:16:06]} Ba6 {[%clk 0:04:23]} 39.
Ke3 {[%clk 0:15:55]} Bb7 {[%clk 0:04:07]} 40. Kd4 {[%clk 0:16:06]} Ke8 {[%clk
0:03:21]} 41. h4 {[%clk 0:16:02]} Rf7 {[%clk 0:00:40]} 42. h5 {[%clk 0:13:51]}
Re7 {[%clk 0:29:45]} 43. b4 {[%clk 0:42:12]} Kd8 {[%clk 0:14:32]} 44. a4 {[%clk
0:41:55]} Rf7 {[%clk 0:12:49]} 45. b5 {[%clk 0:41:17]} Bc8 {[%clk 0:12:03]} 46.
Rg3 {[%clk 0:39:24]} a6 {[%clk 0:09:34]} 47. g5 {[%clk 0:39:03]} axb5 {[%clk
0:06:41]} 48. axb5 {[%clk 0:39:17]} Rf5 {[%clk 0:04:11]} 49. gxh6 {[%clk
0:38:54]} gxh6 {[%clk 0:04:18]} 50. Rg8+ {[%clk 0:39:08]} Kd7 {[%clk 0:04:41]}
51. Rg7+ {[%clk 0:38:45]} Ke8 {[%clk 0:04:27]} 52. Rc7 {[%clk 0:38:23]} Bd7
{[%clk 0:04:16]} 53. Kxd5 {[%clk 0:37:20]} Rxh5 {[%clk 0:03:49]} 54. Rb7 {[%clk
0:35:10]} Bxb5 {[%clk 0:03:17]} 55. Rxb6 {[%clk 0:35:29]} Be2 {[%clk 0:03:30]}
56. Rb8+ {[%clk 0:33:59]} Kf7 {[%clk 0:03:07]} 57. Rb7+ {[%clk 0:33:12]} Kg6
{[%clk 0:03:01]} 58. Ke4 {[%clk 0:33:24]} Rh4 {[%clk 0:01:54]} 59. Rg7+ {[%clk
0:33:14]} Kh5 {[%clk 0:02:15]} 60. Kf5 {[%clk 0:32:04]} Bd3+ {[%clk 0:02:12]}
61. Ke6 {[%clk 0:30:59]} Rg4 {[%clk 0:02:13]} 62. Rc7 {[%clk 0:30:33]} Rg6+
{[%clk 0:01:30]} 63. Ke7 {[%clk 0:30:31]} Kg4 {[%clk 0:01:39]} 64. Rd7 {[%clk
0:30:00]} 1/2-1/2

[Event "DEM U14 2022"]
[Site "Willingen GER"]
[Date "2022.06.10"]
[Round "8"]
[White "Sundui, Chinguun"]
[Black "Müller, Maximilian"]
[Result "0-1"]
[Termination "normal"]
[Board "12"]
[WhiteElo "1793"]
[BlackElo "1875"]
[WhiteClock "00:00:31"]
[BlackClock "00:07:23"]
[PlyCount "66"]
[WhiteFideId "4907930"]
[BlackFideId "16243552"]
[EventCountry "GER"]
[EventRounds "9"]
[EventType "swiss"]
[EventDate "2022.06.04"]

1. e4 {[%clk 1:30:51]} e6 {[%clk 1:30:55]} 2. Nf3 {[%clk 1:30:39]} d5 {[%clk
1:31:18]} 3. e5 {[%clk 1:31:05]} c5 {[%clk 1:31:43]} 4. b4 {[%clk 1:31:30]}
cxb4 {[%clk 1:31:46]} 5. a3 {[%clk 1:31:50]} bxa3 {[%clk 1:25:32]} 6. d4 {[%clk
1:30:28]} Bd7 {[%clk 1:21:41]} 7. c3 {[%clk 1:30:43]} Nc6 {[%clk 1:21:09]} 8.
Bd3 {[%clk 1:24:58]} Rc8 {[%clk 1:16:14]} 9. O-O {[%clk 1:20:36]} a6 {[%clk
1:15:43]} 10. h4 {[%clk 1:15:24]} h6 {[%clk 1:03:57]} 11. h5 {[%clk 1:06:20]}
b5 {[%clk 1:01:34]} 12. g3 {[%clk 0:50:07]} Be7 {[%clk 0:57:49]} 13. Nh2 {[%clk
0:33:39]} Qb6 {[%clk 0:57:05]} 14. Qg4 {[%clk 0:28:38]} Kf8 {[%clk 0:54:47]}
15. Be3 {[%clk 0:19:47]} Qa5 {[%clk 0:47:17]} 16. Rc1 {[%clk 0:11:39]} a2
{[%clk 0:30:56]} 17. Nd2 {[%clk 0:11:53]} b4 {[%clk 0:30:54]} 18. c4 {[%clk
0:10:26]} Qa3 {[%clk 0:29:37]} 19. cxd5 {[%clk 0:06:56]} Na5 {[%clk 0:28:47]}
20. Rxc8+ {[%clk 0:04:59]} Bxc8 {[%clk 0:29:16]} 21. Qe2 {[%clk 0:03:22]} Qb2
{[%clk 0:28:29]} 22. Qd1 {[%clk 0:02:54]} exd5 {[%clk 0:26:27]} 23. Bc2 {[%clk
0:01:54]} Nc4 {[%clk 0:20:40]} 24. Nxc4 {[%clk 0:01:15]} dxc4 {[%clk 0:21:01]}
25. d5 {[%clk 0:00:31]} b3 {[%clk 0:13:43]} 26. d6 {[%clk 0:00:39]} Bd8 {[%clk
0:14:08]} 27. Bxb3 {[%clk 0:00:33]} cxb3 {[%clk 0:11:32]} 28. f4 {[%clk
0:00:31]} Bb7 {[%clk 0:11:47]} 29. Bf2 {[%clk 0:00:38]} Bb6 {[%clk 0:11:53]}
30. Ng4 {[%clk 0:00:59]} g6 {[%clk 0:07:07]} 31. d7 {[%clk 0:00:44]} Kg7 {[%clk
0:07:27]} 32. hxg6 {[%clk 0:00:33]} fxg6 {[%clk 0:07:21]} 33. e6 {[%clk
0:00:31]} Nf6 {[%clk 0:07:23]} 0-1

[Event "DEM U14 2022"]
[Site "Willingen GER"]
[Date "2022.06.10"]
[Round "8"]
[White "Sinka, Silas"]
[Black "Weber, Nikita"]
[Result "1-0"]
[Termination "normal"]
[Board "22"]
[WhiteElo "1386"]
[BlackElo "1264"]
[WhiteClock "00:07:31"]
[BlackClock "01:20:25"]
[PlyCount "203"]
[WhiteFideId "16265823"]
[BlackFideId "34608770"]
[EventCountry "GER"]
[EventRounds "9"]
[EventType "swiss"]
[EventDate "2022.06.04"]

1. Nf3 {[%clk 1:30:58]} d5 {[%clk 1:30:50]} 2. g3 {[%clk 1:31:23]} Nf6 {[%clk
1:30:57]} 3. Bg2 {[%clk 1:31:43]} e6 {[%clk 1:30:45]} 4. O-O {[%clk 1:32:07]}
Bd6 {[%clk 1:30:33]} 5. d4 {[%clk 1:32:25]} O-O {[%clk 1:30:33]} 6. Nbd2 {[%clk
1:32:47]} Nbd7 {[%clk 1:30:18]} 7. c4 {[%clk 1:32:56]} c6 {[%clk 1:30:32]} 8.
b3 {[%clk 1:32:54]} e5 {[%clk 1:27:47]} 9. dxe5 {[%clk 1:29:18]} Nxe5 {[%clk
1:28:08]} 10. cxd5 {[%clk 1:26:36]} Nxd5 {[%clk 1:23:38]} 11. Bb2 {[%clk
1:26:56]} Qe7 {[%clk 1:15:22]} 12. Ne4 {[%clk 1:19:18]} Nxf3+ {[%clk 1:11:56]}
13. Bxf3 {[%clk 1:19:16]} Bh3 {[%clk 1:10:35]} 14. Nxd6 {[%clk 1:14:15]} Qxd6
{[%clk 1:09:45]} 15. Qd4 {[%clk 1:14:03]} f6 {[%clk 1:09:04]} 16. Rfd1 {[%clk
1:14:20]} Qe7 {[%clk 1:06:45]} 17. Bxd5+ {[%clk 1:09:24]} cxd5 {[%clk 1:06:10]}
18. Qxd5+ {[%clk 1:09:42]} Kh8 {[%clk 1:06:32]} 19. Qh5 {[%clk 0:49:07]} Be6
{[%clk 1:01:58]} 20. Rd4 {[%clk 0:42:17]} Rac8 {[%clk 1:00:20]} 21. a4 {[%clk
0:27:31]} Bxb3 {[%clk 0:58:30]} 22. Ba3 {[%clk 0:22:13]} Qe5 {[%clk 0:56:54]}
23. Qxe5 {[%clk 0:19:24]} fxe5 {[%clk 0:57:23]} 24. Rb4 {[%clk 0:18:07]} Bd5
{[%clk 0:56:06]} 25. Rb5 {[%clk 0:13:32]} Rfd8 {[%clk 0:55:14]} 26. Be7 {[%clk
0:11:02]} Rd7 {[%clk 0:54:48]} 27. Rd1 {[%clk 0:11:14]} Rxe7 {[%clk 0:54:24]}
28. Rdxd5 {[%clk 0:11:35]} Rce8 {[%clk 0:54:19]} 29. Kg2 {[%clk 0:11:08]} e4
{[%clk 0:54:34]} 30. Rd4 {[%clk 0:09:36]} g6 {[%clk 0:54:18]} 31. Rdb4 {[%clk
0:08:29]} b6 {[%clk 0:54:27]} 32. a5 {[%clk 0:08:21]} bxa5 {[%clk 0:54:42]} 33.
Rxa5 {[%clk 0:08:43]} Kg7 {[%clk 0:54:42]} 34. Rba4 {[%clk 0:08:58]} Ra8 {[%clk
0:54:36]} 35. Kh3 {[%clk 0:08:26]} h5 {[%clk 0:54:43]} 36. g4 {[%clk 0:07:31]}
hxg4+ {[%clk 0:54:03]} 37. Kxg4 {[%clk 0:07:53]} Rf7 {[%clk 0:52:46]} 38. Kg3
{[%clk 0:08:18]} Re7 {[%clk 0:52:43]} 39. Kf4 {[%clk 0:08:39]} e3 {[%clk
0:52:54]} 40. f3 {[%clk 0:08:05]} Rf8+ {[%clk 0:53:23]} 41. Kg3 {[%clk
0:08:13]} Rff7 {[%clk 0:52:52]} 42. f4 {[%clk 0:08:31]} Kh6 {[%clk 0:51:49]}
43. h4 {[%clk 0:08:55]} Kg7 {[%clk 0:51:38]} 44. Kf3 {[%clk 0:09:14]} Kh6
{[%clk 0:51:51]} 45. Ra3 {[%clk 0:09:36]} Rc7 {[%clk 0:49:49]} 46. Rxe3 {[%clk
0:06:36]} Rb7 {[%clk 0:49:11]} 47. Rea3 {[%clk 0:04:15]} Rb1 {[%clk 0:48:12]}
48. Ra1 {[%clk 0:28:13]} Rbb7 {[%clk 1:16:45]} 49. e3 {[%clk 0:25:43]} Rbc7
{[%clk 1:15:53]} 50. Rg1 {[%clk 0:25:00]} Rc3 {[%clk 1:14:13]} 51. Ra6 {[%clk
0:24:22]} Rg7 {[%clk 1:13:53]} 52. h5 {[%clk 0:24:44]} Rc5 {[%clk 1:13:58]} 53.
hxg6 {[%clk 0:24:10]} Rh5 {[%clk 1:14:15]} 54. Ke4 {[%clk 0:21:50]} Re7+ {[%clk
1:14:32]} 55. Kf3 {[%clk 0:21:02]} Rg7 {[%clk 1:14:49]} 56. e4 {[%clk 0:20:46]}
Rh3+ {[%clk 1:14:51]} 57. Rg3 {[%clk 0:19:27]} Rh1 {[%clk 1:14:07]} 58. Kg2
{[%clk 0:19:40]} Rh4 {[%clk 1:14:11]} 59. Kf3 {[%clk 0:09:38]} Rh1 {[%clk
1:13:33]} 60. f5 {[%clk 0:07:24]} Kh5 {[%clk 1:13:26]} 61. Kg2 {[%clk 0:03:22]}
Rb1 {[%clk 1:11:46]} 62. Kh2 {[%clk 0:03:13]} Re1 {[%clk 1:11:37]} 63. Rh3+
{[%clk 0:03:10]} Kg4 {[%clk 1:12:02]} 64. f6 {[%clk 0:02:54]} Re2+ {[%clk
1:12:21]} 65. Kg1 {[%clk 0:03:13]} Rxg6 {[%clk 1:12:16]} 66. f7 {[%clk
0:03:03]} Kxh3+ {[%clk 1:12:19]} 67. Kf1 {[%clk 0:03:27]} Rxa6 {[%clk 1:12:31]}
68. f8=Q {[%clk 0:03:47]} Rea2 {[%clk 1:12:13]} 69. Qf5+ {[%clk 0:04:05]} Kg3
{[%clk 1:12:34]} 70. Qg5+ {[%clk 0:04:22]} Kf3 {[%clk 1:13:00]} 71. Qf5+ {[%clk
0:04:35]} Ke3 {[%clk 1:13:00]} 72. Qg5+ {[%clk 0:04:45]} Kxe4 {[%clk 1:13:21]}
73. Qg4+ {[%clk 0:05:09]} Kd5 74. Qf5+ Kc6 {[%clk 1:13:52]} 75. Qe6+ {[%clk
0:05:59]} Kc7 {[%clk 1:14:14]} 76. Qe7+ {[%clk 0:06:20]} Kc8 {[%clk 1:14:28]}
77. Qe8+ {[%clk 0:06:46]} Kb7 {[%clk 1:14:53]} 78. Qd7+ {[%clk 0:07:10]} Kb6
{[%clk 1:15:11]} 79. Qd6+ {[%clk 0:07:34]} Ka5 {[%clk 1:15:34]} 80. Qc5+ {[%clk
0:07:48]} Ka4 {[%clk 1:15:54]} 81. Qc4+ {[%clk 0:07:45]} Ka3 {[%clk 1:15:53]}
82. Qxa6+ {[%clk 0:08:04]} Kb3 {[%clk 1:16:16]} 83. Qb5+ {[%clk 0:08:27]} Kc3
{[%clk 1:16:35]} 84. Qe5+ {[%clk 0:08:22]} Kb3 {[%clk 1:17:01]} 85. Qe3+ {[%clk
0:08:45]} Kb4 {[%clk 1:17:21]} 86. Qd4+ {[%clk 0:09:02]} Kb3 {[%clk 1:18:08]}
87. Qd3+ {[%clk 0:09:14]} Kb4 88. Qb1+ {[%clk 0:09:24]} Ka3 {[%clk 1:18:29]}
89. Ke1 {[%clk 0:09:32]} a5 {[%clk 1:18:37]} 90. Kd1 {[%clk 0:09:23]} Rb2
{[%clk 1:18:46]} 91. Qa1+ {[%clk 0:08:45]} Ra2 {[%clk 1:18:32]} 92. Qc3+ {[%clk
0:09:01]} Ka4 {[%clk 1:19:00]} 93. Qc4+ {[%clk 0:08:48]} Ka3 {[%clk 1:19:29]}
94. Kc1 {[%clk 0:08:18]} Ra1+ {[%clk 1:19:18]} 95. Kc2 {[%clk 0:08:31]} Ra2+
{[%clk 1:19:01]} 96. Kc3 {[%clk 0:08:49]} Rb2 {[%clk 1:19:25]} 97. Qc5+ {[%clk
0:07:27]} Ka4 {[%clk 1:19:37]} 98. Qd5 {[%clk 0:07:09]} Rb4 {[%clk 1:19:40]}
99. Qd7+ {[%clk 0:07:03]} Ka3 {[%clk 1:19:52]} 100. Qd1 {[%clk 0:07:28]} Rb2
{[%clk 1:19:58]} 101. Qc1 {[%clk 0:07:31]} Ka4 {[%clk 1:20:25]} 102. Kxb2 1-0